[Event "Bundesliga 2324"]
[Site "Germany"]
[Date "2024.02.23"]
[Round "9.8"]
[White "Teclaf, Pawel"]
[Black "Ernst, Sipke"]
[Result "1/2-1/2"]
[WhiteElo "2585"]
[BlackElo "2551"]
[PlyCount "45"]
[EventDate "2023.10.21"]
[EventType "team-tourn"]
[EventRounds "15"]
[EventCountry "GER"]
[SourceTitle "CB09_2024"]
[SourceDate "2024.02.28"]
[SourceVersion "1"]
[SourceVersionDate "2024.02.28"]
[SourceQuality "1"]
[WhiteTeam "Kiel Turm"]
[BlackTeam "Hamburger SK"]
[WhiteTeamCountry "GER"]
[BlackTeamCountry "GER"]

1. c4 e5 2. d3 d6 3. Nc3 f5 4. g3 Nf6 5. Bg2 Be7 6. b4 c6 7. Nf3 0-0 8. 0-0 Kh8 9. b5 Qc7 10. bxc6 bxc6 11. Rb1 Nbd7 12. Ba3 Nb6 13. Nd2 Be6 14. Nb3 Nbd7 15. Qd2 Rfc8 16. Na4 Nb6 17. Qa5 Nxa4 18. Qxa4 a5 19. c5 d5 20. f4 Ng4 21. Bc1 Rcb8 22. Bd2 Rb5 23. fxe5 1/2-1/2

[Event "Titled Tuesday intern op 16th Jan Late"]
[Site "Chess.com INT"]
[Date "2024.01.16"]
[Round "4"]
[White "Parfenov, Viktor N"]
[Black "Ernst, Sipke"]
[Result "0-1"]
[WhiteElo "2193"]
[BlackElo "2535"]
[PlyCount "42"]
[EventDate "2024.01.16"]
[EventType "swiss (blitz)"]
[EventRounds "11"]
[EventCountry "USA"]
[SourceTitle "CB04_2024"]
[SourceDate "2023.10.16"]
[SourceVersion "1"]
[SourceVersionDate "2023.10.16"]
[SourceQuality "1"]

1. d4 d5 2. c4 c6 3. Nf3 Nf6 4. Nc3 dxc4 5. e4 b5 6. Be2 e6 7. 0-0 Be7 8. e5 Nd5 9. Ne4 Nd7 10. a4 Bb7 11. b3 0-0 12. bxc4 bxc4 13. Bxc4 c5 14. Ba3 N5b6 15. Bd3 cxd4 16. a5 Bxa3 17. Rxa3 Nc4 18. Ra4 Nb2 19. Qb3 Bxe4 20. Bxe4 Nxa4 21. Qxa4 Nc5 0-1

[Event "BIH-chT 21st"]
[Site "Sarajevo"]
[Date "2023.11.01"]
[Round "2.2"]
[White "Milosevic, Milos"]
[Black "Ernst, Sipke"]
[Result "1/2-1/2"]
[WhiteElo "2362"]
[BlackElo "2541"]
[PlyCount "74"]
[EventDate "2023.10.31"]
[EventType "team-tourn"]
[EventRounds "9"]
[EventCountry "BIH"]
[SourceTitle "Mega2024 Update 01"]
[Source "Chessbase"]
[SourceDate "2023.11.12"]
[SourceVersion "1"]
[SourceVersionDate "2023.11.12"]
[SourceQuality "1"]
[WhiteTeam "Bihac"]
[BlackTeam "Konjic Igman"]
[WhiteTeamCountry "BIH"]
[BlackTeamCountry "BIH"]

1. e4 e5 2. Nf3 Nc6 3. Bb5 a6 4. Ba4 Bc5 5. c3 Nge7 6. d4 exd4 7. cxd4 Bb4+ 8. Nbd2 d5 9. exd5 Qxd5 10. 0-0 0-0 11. Bb3 Qh5 12. h3 Be6 13. Bxe6 fxe6 14. Ne4 Qd5 15. Nc3 Qc4 16. Bg5 Bxc3 17. bxc3 Nd5 18. Re1 Nxc3 19. Rc1 Nxd1 20. Rxc4 Nb2 21. Rc3 Na4 22. Ra3 Nb6 23. Rxe6 Rf5 24. Rc3 Nd5 25. Rb3 Rxf3 26. gxf3 Nxd4 27. Re5 Nxb3 28. Rxd5 c6 29. Rd1 h6 30. Be7 Re8 31. Rd7 Nd4 32. Rxb7 Nxf3+ 33. Kg2 Ne1+ 34. Kg3 Nd3 35. Rc7 a5 36. f4 c5 37. Bxc5 Nxc5 1/2-1/2

[Event "Hoogeveen op 26th"]
[Site "Hoogeveen"]
[Date "2023.10.27"]
[Round "8"]
[White "De Boer, Eelke"]
[Black "Ernst, Sipke"]
[Result "0-1"]
[WhiteElo "2327"]
[BlackElo "2551"]
[PlyCount "66"]
[EventDate "2023.10.21"]
[EventType "swiss"]
[EventRounds "9"]
[EventCountry "NED"]
[SourceTitle "Mega2024 Update 01"]
[Source "Chessbase"]
[SourceDate "2023.11.12"]
[SourceVersion "1"]
[SourceVersionDate "2023.11.12"]
[SourceQuality "1"]

1. e4 c5 2. Nf3 d6 3. d4 cxd4 4. Nxd4 e6 5. Nc3 Nf6 6. g4 Be7 7. g5 Nfd7 8. h4 a6 9. Bg2 Qc7 10. h5 Nc6 11. f4 Nb6 12. Nxc6 bxc6 13. b3 0-0 14. Qf3 f6 15. gxf6 Bxf6 16. Bb2 Be5 17. fxe5 Rxf3 18. Bxf3 Nd7 19. exd6 Qxd6 20. Ne2 e5 21. Rd1 Qb4+ 22. Bc3 Qe7 23. Ba5 Nf8 24. c4 Ne6 25. Bc3 Ng5 26. Bg2 Bg4 27. Rd3 Ne6 28. Bf3 Bxf3 29. Rxf3 Nd4 30. Rg3 Rf8 31. Rhh3 c5 32. Bxd4 cxd4 33. Rd3 Qb4+ 0-1

[Event "Hoogeveen op 26th"]
[Site "Hoogeveen"]
[Date "2023.10.24"]
[Round "4"]
[White "Ernst, Sipke"]
[Black "Krishnan, Ritvik"]
[Result "1/2-1/2"]
[WhiteElo "2551"]
[BlackElo "2176"]
[PlyCount "149"]
[EventDate "2023.10.21"]
[EventType "swiss"]
[EventRounds "9"]
[EventCountry "NED"]
[SourceTitle "Mega2024 Update 01"]
[Source "Chessbase"]
[SourceDate "2023.11.12"]
[SourceVersion "1"]
[SourceVersionDate "2023.11.12"]
[SourceQuality "1"]

1. d4 Nf6 2. Bg5 d5 3. Nd2 c5 4. dxc5 e6 5. e4 Bxc5 6. e5 Qb6 7. exf6 Bxf2+ 8. Ke2 e5 9. fxg7 Rg8 10. Ndf3 Rxg7 11. Qd2 e4 12. Be3 Bxe3 13. Qxe3 Qxe3+ 14. Kxe3 exf3 15. Nxf3 Nc6 16. Rd1 Bf5 17. Rxd5 Bxc2 18. Bb5 Kf8 19. Bxc6 bxc6 20. Rd2 Re8+ 21. Kf2 Be4 22. Re1 Bd5 23. Rxe8+ Kxe8 24. a3 f6 25. Ne1 Kd7 26. Rd4 Ke6 27. g3 Ke5 28. Ke3 Rb7 29. Nd3+ Kd6 30. Rb4 Rb6 31. Kd4 Rxb4+ 32. axb4 Bf7 33. Nf2 Bd5 34. Nd1 Bb3 35. Ne3 Be6 36. Nf1 Bf7 37. g4 Be6 38. Ne3 Bd7 39. h3 Be6 40. Ng2 Ba2 41. Nf4 Bf7 42. Ne2 Be8 43. Ng1 Bg6 44. Nf3 Bf7 45. Nd2 Bd5 46. Ne4+ Bxe4 47. Kxe4 Ke6 48. Kd4 Kd6 49. Kc4 Kd7 50. Kc5 Kc7 51. h4 Kd7 52. b5 cxb5 53. Kxb5 Ke6 54. b4 Ke5 55. Ka6 h5 56. gxh5 f5 57. Kxa7 f4 58. b5 f3 59. b6 f2 60. b7 f1Q 61. b8Q+ Ke6 62. Qe8+ Kd6 63. Qd8+ Ke6 64. Qe8+ Kd6 65. Qd8+ Ke6 66. Qb6+ Kf7 67. Qg6+ Kf8 68. Qd6+ Kg8 69. Qg3+ Kh7 70. Qg6+ Kh8 71. Qh6+ Kg8 72. Qg5+ Kh7 73. Qg6+ Kh8 74. h6 Qf7+ 75. Qxf7 1/2-1/2

[Event "NED-ch KO"]
[Site "Utrecht"]
[Date "2023.07.05"]
[Round "2.2"]
[White "Van Foreest, Jorden"]
[Black "Ernst, Sipke"]
[Result "1/2-1/2"]
[WhiteElo "2695"]
[BlackElo "2539"]
[PlyCount "160"]
[EventDate "2023.07.02"]
[EventType "k.o."]
[EventRounds "4"]
[EventCountry "NED"]
[SourceTitle "CBM 215 Extra"]
[Source "ChessBase"]
[SourceDate "2023.09.30"]
[SourceVersion "1"]
[SourceVersionDate "2023.09.30"]
[SourceQuality "1"]

1. e4 e5 2. Nf3 Nc6 3. Bc4 Be7 4. d4 exd4 5. Nxd4 d6 6. Nc3 Bf6 7. Be3 Nge7 8. 0-0 0-0 9. f4 Bxd4 10. Bxd4 Be6 11. Be2 Nxd4 12. Qxd4 f6 13. Rae1 Qd7 14. h3 Qc6 15. Kh2 Qb6 16. Nb5 Qxd4 17. Nxd4 Bf7 18. Bg4 a6 19. e5 fxe5 20. fxe5 dxe5 21. Rxe5 Ng6 22. Ree1 Rae8 23. Nf3 Bc4 24. Rxe8 Rxe8 25. Rd1 Ne5 26. Nxe5 Rxe5 27. Rd7 Rc5 28. b4 Rb5 29. a3 c6 30. Rd4 Ba2 31. Bc8 c5 32. Rd8+ Kf7 33. Rd7+ Kf6 34. Rxb7 cxb4 35. axb4 Bd5 36. Rd7 Be4 37. c3 a5 38. Rd6+ Kf7 39. Ba6 Rg5 40. Bc4+ Kf8 41. Rd2 axb4 42. cxb4 Bc6 43. Rb2 Ke7 44. b5 Bb7 45. Bf1 Kd6 46. h4 Re5 47. Rd2+ Kc7 48. Re2 Rxe2 49. Bxe2 Kb6 50. g4 h6 51. g5 hxg5 52. hxg5 Kc5 53. Kg3 Bd5 54. Kf4 Bf7 55. Ke5 Bb3 56. Bd3 Bf7 57. b6 Kxb6 58. Kd6 Bh5 59. Bc2 Kb5 60. Ke7 Kc5 61. Kf8 Kd6 62. Kxg7 Ke7 63. Bg6 Be2 64. Bf7 Bd1 65. Bg6 Be2 66. Kh6 Bc4 67. Bc2 Bf7 68. Kg7 Bh5 69. Bh7 Bf7 70. Bg8 Be8 71. Bc4 Bh5 72. Bd3 Bf7 73. Be2 Bd5 74. Kh6 Be4 75. Bh5 Bd3 76. Bg6 Bc4 77. Be4 Bf7 78. Bf3 Kf8 79. Bc6 Ke7 80. g6 Bxg6 1/2-1/2

[Event "NED-ch KO"]
[Site "Utrecht"]
[Date "2023.07.04"]
[Round "2.1"]
[White "Ernst, Sipke"]
[Black "Van Foreest, Jorden"]
[Result "0-1"]
[WhiteElo "2539"]
[BlackElo "2695"]
[PlyCount "54"]
[EventDate "2023.07.02"]
[EventType "k.o."]
[EventRounds "4"]
[EventCountry "NED"]
[SourceTitle "CBM 215 Extra"]
[Source "ChessBase"]
[SourceDate "2023.09.30"]
[SourceVersion "1"]
[SourceVersionDate "2023.09.30"]
[SourceQuality "1"]

1. d4 Nf6 2. c4 e6 3. Nc3 d5 4. cxd5 exd5 5. Bg5 Be7 6. e3 h6 7. Bh4 Bg4 8. Nf3 Nbd7 9. h3 Bxf3 10. Qxf3 c6 11. Bd3 0-0 12. 0-0 Re8 13. Rfd1 Nf8 14. Bxf6 Bxf6 15. b4 Ne6 16. Rdc1 a6 17. a4 Qd6 18. b5 Ng5 19. Qd1 axb5 20. axb5 Rxa1 21. Rxa1 c5 22. dxc5 Qxc5 23. Na4 Qe7 24. Rc1 d4 25. exd4 Bxd4 26. Bh7+ Kxh7 27. Qxd4 Nf3+ 0-1

[Event "Maastricht Limburg op 15th"]
[Site "Maastricht"]
[Date "2023.05.29"]
[Round "6"]
[White "Beerdsen, Thomas"]
[Black "Ernst, Sipke"]
[Result "1/2-1/2"]
[WhiteElo "2507"]
[BlackElo "2529"]
[PlyCount "95"]
[EventDate "2023.05.26"]
[EventType "swiss"]
[EventRounds "7"]
[EventCountry "NED"]
[SourceTitle "CBM 214 Extra"]
[Source "ChessBase"]
[SourceDate "2023.07.31"]
[SourceVersion "1"]
[SourceVersionDate "2023.07.31"]
[SourceQuality "1"]

1. e4 e5 2. Nc3 Bc5 3. Bc4 Nf6 4. d3 Nc6 5. f4 d6 6. Nf3 0-0 7. f5 Nd4 8. Bg5 c6 9. Qd2 h6 10. Bxf6 Nxf3+ 11. gxf3 Qxf6 12. 0-0-0 a5 13. a4 Rd8 14. Ba2 Kh7 15. Ne2 d5 16. h4 b5 17. axb5 dxe4 18. fxe4 cxb5 19. Kb1 Ra7 20. Nc3 b4 21. Nd5 Rxd5 22. Bxd5 a4 23. d4 exd4 24. Rh3 Bb7 25. Bxb7 Rxb7 26. Qe2 Re7 27. Qb5 Qd6 28. f6 gxf6 29. Qxa4 Rxe4 30. Qa8 Rg4 31. Qf3 Qe6 32. Rf1 Be7 33. Rg3 Rg6 34. Rxg6 fxg6 35. h5 f5 36. Qd3 Bf6 37. hxg6+ Kxg6 38. Qg3+ Bg5 39. Re1 Qd5 40. Qd3 Be3 41. b3 Qe4 42. Qa6+ Kg5 43. Qd6 h5 44. Qxb4 d3 45. Qxe4 fxe4 46. cxd3 Bf2 47. Rxe4 h4 48. Rxh4 1/2-1/2

[Event "BEL-chT 2223"]
[Site "Belgium"]
[Date "2023.04.30"]
[Round "11.1"]
[White "Aroshidze, Levan"]
[Black "Ernst, Sipke"]
[Result "1/2-1/2"]
[WhiteElo "2521"]
[BlackElo "2526"]
[PlyCount "85"]
[EventDate "2022.09.25"]
[EventType "team-tourn"]
[EventRounds "11"]
[EventCountry "BEL"]
[SourceTitle "EXT 2024"]
[Source "ChessBase"]
[SourceDate "2023.10.10"]
[SourceVersion "1"]
[SourceVersionDate "2023.10.10"]
[SourceQuality "1"]
[WhiteTeam "Wachtebeke"]
[BlackTeam "KBSK Brugge"]
[WhiteTeamCountry "BEL"]
[BlackTeamCountry "BEL"]

1. e4 e5 2. Nf3 Nc6 3. Bb5 a6 4. Ba4 Nf6 5. d3 d6 6. c3 g6 7. 0-0 Bg7 8. h3 0-0 9. Re1 Bd7 10. d4 h6 11. Nbd2 Re8 12. Bc2 b5 13. Nf1 Na5 14. Ng3 c5 15. d5 Nc4 16. b3 Nb6 17. a4 c4 18. bxc4 Nxc4 19. Nd2 Qc7 20. Nxc4 Qxc4 21. Bd2 Rec8 22. Nf1 Qc7 23. axb5 axb5 24. Bd3 Ra4 25. Rb1 Qa7 26. Qf3 Qa6 27. Rb3 Ra3 28. Rxa3 Qxa3 29. Rb1 Qa6 30. Ne3 Ne8 31. Nc2 Rc5 32. Nb4 Qa8 33. Qd1 Bf6 34. Ra1 Qd8 35. Bxh6 Rxc3 36. Bd2 Rc8 37. Qe2 Bg5 38. Be1 Nf6 39. Nc6 Bxc6 40. dxc6 Rxc6 41. Bxb5 Rc1 42. Rxc1 Bxc1 43. Qd3 1/2-1/2

[Event "Southend Masters"]
[Site "Southend"]
[Date "2023.04.06"]
[Round "1"]
[White "Ernst, Sipke"]
[Black "Willow, Jonah B"]
[Result "1-0"]
[WhiteElo "2526"]
[BlackElo "2468"]
[PlyCount "91"]
[EventDate "2023.04.06"]
[EventType "tourn"]
[EventRounds "9"]
[EventCountry "ENG"]
[EventCategory "9"]
[SourceTitle "CBM 213 Extra"]
[Source "ChessBase"]
[SourceDate "2023.05.31"]
[SourceVersion "1"]
[SourceVersionDate "2023.05.31"]
[SourceQuality "1"]

1. d4 d5 2. c4 dxc4 3. Nf3 c5 4. e3 cxd4 5. Bxc4 Qc7 6. Bb3 dxe3 7. Bxe3 e6 8. 0-0 Nc6 9. Nc3 Nf6 10. Nb5 Qa5 11. Nfd4 Nxd4 12. Qxd4 Bd7 13. Nd6+ Bxd6 14. Qxd6 Bc6 15. Bc5 Qd8 16. Qg3 Ne4 17. Qxg7 Qf6 18. Qxf6 Nxf6 19. f3 Rg8 20. Rac1 Nd5 21. Rc2 a6 22. Kf2 0-0-0 23. g3 Rg5 24. Rd1 Rf5 25. g4 Rf6 26. Bxd5 Rxd5 27. Rxd5 exd5 28. Bd4 Re6 29. Rd2 Kd7 30. Kg3 Bb5 31. Bc3 Kd6 32. Rd4 Re3 33. Rf4 Ke7 34. a4 Bd3 35. Rb4 b5 36. Rb3 bxa4 37. Ra3 Re2 38. Bb4+ Ke6 39. Rxd3 Rxb2 40. Ba3 Ra2 41. Bf8 Rc2 42. Rd4 Ra2 43. Kf4 h5 44. gxh5 Rxh2 45. h6 a3 46. Kg3 1-0

[Event "Southend Masters"]
[Site "Southend"]
[Date "2023.04.06"]
[Round "2"]
[White "Ghasi, Ameet K"]
[Black "Ernst, Sipke"]
[Result "1/2-1/2"]
[WhiteElo "2479"]
[BlackElo "2526"]
[PlyCount "84"]
[EventDate "2023.04.06"]
[EventType "tourn"]
[EventRounds "9"]
[EventCountry "ENG"]
[EventCategory "9"]
[SourceTitle "CBM 213 Extra"]
[Source "ChessBase"]
[SourceDate "2023.05.31"]
[SourceVersion "1"]
[SourceVersionDate "2023.05.31"]
[SourceQuality "1"]

1. Nf3 d5 2. g3 c5 3. Bg2 Nc6 4. 0-0 Nf6 5. d3 e5 6. Nbd2 Bd6 7. e4 d4 8. Nc4 Bc7 9. a4 a6 10. Nh4 Bg4 11. Qe1 b5 12. axb5 axb5 13. Rxa8 Qxa8 14. Na3 Qa6 15. f4 Be6 16. Qe2 c4 17. dxc4 bxc4 18. f5 d3 19. Qd1 Bc8 20. c3 Na5 21. h3 Nb3 22. Bg5 Bb7 23. Kh2 Bd6 24. Bxf6 gxf6 25. Nb1 Bc5 26. Qg4 Kf8 27. Nf3 Be3 28. Qh4 Qd6 29. Re1 Bf2 30. Rf1 Be3 31. Re1 Bf2 32. Rf1 Bc5 33. Qh6+ Ke7 34. Nh4 Qd8 35. Nf3 Qb6 36. Qg7 Qd8 37. Nbd2 Nxd2 38. Nxd2 Be3 39. Nxc4 Rg8 40. Qxh7 Rh8 41. Qg7 Rg8 42. Qh7 Rh8 1/2-1/2

[Event "Titled Tuesday intern op 08th Nov Early"]
[Site "Chess.com INT"]
[Date "2022.11.08"]
[Round "3"]
[White "Ernst, Sipke"]
[Black "Namitbir, Singh Walia"]
[Result "1/2-1/2"]
[WhiteElo "2515"]
[BlackElo "2339"]
[PlyCount "150"]
[EventDate "2022.11.08"]
[EventType "swiss (blitz)"]
[EventRounds "11"]
[EventCountry "USA"]
[SourceTitle "EXT 2024"]
[Source "ChessBase"]
[SourceDate "2023.10.10"]
[SourceVersion "1"]
[SourceVersionDate "2023.10.10"]
[SourceQuality "1"]

1. d4 Nf6 2. Bg5 d5 3. c3 Nbd7 4. e3 h6 5. Bh4 e6 6. Nd2 Be7 7. Bd3 c5 8. f4 b6 9. Qf3 Bb7 10. Ne2 a6 11. 0-0 0-0 12. Kh1 b5 13. g4 Ne4 14. Bxe7 Nxd2 15. Bxd8 Nxf3 16. Be7 Rfe8 17. Bxc5 Nxc5 18. Rxf3 Nxd3 19. b3 e5 20. fxe5 Nxe5 21. dxe5 d4 22. Nxd4 Rac8 23. Rc1 Rxe5 24. Kg2 Rce8 25. Re1 Rc8 26. Rc1 Bxf3+ 27. Kxf3 g6 28. h4 Kg7 29. e4 Rec5 30. Ne2 f6 31. Ke3 h5 32. gxh5 Rxh5 33. Rh1 Kf7 34. Rd1 Rxh4 35. Rd7+ Kg8 36. Rd6 Rh3+ 37. Kd4 Rh2 38. Kd3 Kg7 39. Rxa6 Rd8+ 40. Nd4 Rh3+ 41. Ke2 Re8 42. Ne6+ Kf7 43. Nc5 Rxc3 44. b4 Rc4 45. a3 f5 46. Rb6 fxe4 47. Ke3 Rc3+ 48. Kd4 Rxa3 49. Nxe4 Rd8+ 50. Ke5 Re8+ 51. Kf4 Kg7 52. Rb7+ Kh6 53. Nf6 Rh8 54. Ng4+ Kh5 55. Rxb5+ Kh4 56. Ne5 Rf8+ 57. Ke4 Re8 58. Rb7 g5 59. Rh7+ Kg3 60. Rg7 Re3+ 61. Kxe3 Rxe5+ 62. Kd4 Rf5 63. Kc4 g4 64. b5 Rf1 65. b6 Rb1 66. Kc5 Kh3 67. Rh7+ Kg2 68. b7 g3 69. Kc6 Kg1 70. Kc7 g2 71. Rh6 Rxb7+ 72. Kxb7 Kf1 73. Rf6+ Ke1 74. Rg6 Kf1 75. Rxg2 Kxg2 1/2-1/2

[Event "Titled Tuesday intern op 08th Nov Early"]
[Site "Chess.com INT"]
[Date "2022.11.08"]
[Round "6"]
[White "Starosta, Martyna"]
[Black "Ernst, Sipke"]
[Result "1-0"]
[WhiteElo "1991"]
[BlackElo "2515"]
[PlyCount "101"]
[EventDate "2022.11.08"]
[EventType "swiss (blitz)"]
[EventRounds "11"]
[EventCountry "USA"]
[SourceTitle "EXT 2024"]
[Source "ChessBase"]
[SourceDate "2023.10.10"]
[SourceVersion "1"]
[SourceVersionDate "2023.10.10"]
[SourceQuality "1"]

1. e4 e5 2. Nf3 Nc6 3. Bb5 a6 4. Ba4 Nf6 5. 0-0 Nxe4 6. d4 b5 7. Bb3 d5 8. dxe5 Be6 9. Qe2 Be7 10. Rd1 0-0 11. c4 bxc4 12. Bxc4 Bc5 13. Be3 Bxe3 14. Qxe3 Qb8 15. Bb3 Na5 16. Nd4 Qb6 17. Na3 Rab8 18. Bc2 Nc5 19. f4 f5 20. Nxe6 Nxe6 21. Qxb6 Rxb6 22. Rxd5 c5 23. b3 Nxf4 24. Rxc5 Ne6 25. Rxa5 Rc6 26. Nc4 Nd4 27. Bd3 Rd8 28. Re1 Kf8 29. Bxf5 Nxf5 30. Rf1 g6 31. g4 Ke7 32. gxf5 gxf5 33. Rxf5 Rg6+ 34. Kf2 Rdg8 35. Ne3 Rc8 36. e6 Rxe6 37. Rae5 Rc1 38. Rxe6+ Kxe6 39. Rh5 Rb1 40. Rh6+ Ke5 41. Kf3 a5 42. Nc4+ Kd4 43. Nxa5 Rb2 44. Rxh7 Rxa2 45. Nc6+ Kc5 46. Ne5 Kd5 47. Nd3 Rd2 48. Rd7+ Ke6 49. Nc5+ Ke5 50. Rxd2 Kf5 51. b4 1-0

[Event "Titled Tuesday intern op 01st Nov Late"]
[Site "Chess.com INT"]
[Date "2022.11.01"]
[Round "4"]
[White "Estrada Nieto, Julian"]
[Black "Ernst, Sipke"]
[Result "0-1"]
[WhiteElo "2241"]
[BlackElo "2515"]
[PlyCount "116"]
[EventDate "2022.11.01"]
[EventType "swiss (blitz)"]
[EventRounds "11"]
[EventCountry "USA"]
[SourceTitle "EXT 2024"]
[Source "ChessBase"]
[SourceDate "2023.10.10"]
[SourceVersion "1"]
[SourceVersionDate "2023.10.10"]
[SourceQuality "1"]

1. e4 e6 2. d4 d5 3. Nd2 h6 4. Bd3 Nf6 5. e5 Nfd7 6. Ne2 c5 7. c3 b6 8. 0-0 Ba6 9. Bxa6 Nxa6 10. Nf3 g6 11. Ng3 Nc7 12. h4 h5 13. Bg5 Be7 14. Qd2 a5 15. a4 Bxg5 16. Nxg5 c4 17. Qf4 Qe7 18. Rfe1 Rf8 19. Nh7 Rh8 20. Nf6+ Kd8 21. b3 cxb3 22. Reb1 Ne8 23. Nxd7 Qxd7 24. Rxb3 Rb8 25. Rab1 Kc7 26. Rb5 Ng7 27. c4 dxc4 28. Rc1 Kb7 29. Ne4 Ka7 30. Nd6 Nf5 31. Rxc4 Nxd6 32. exd6 Rhc8 33. Rc7+ Rxc7 34. dxc7 Rc8 35. d5 Qxc7 36. Qd4 e5 37. Rxa5+ Kb7 38. Qb4 Qc1+ 39. Kh2 Qc4 40. Qxc4 Rxc4 41. Rb5 Rxh4+ 42. Kg3 Rxa4 43. d6 f6 44. d7 Rg4+ 45. Kf3 Rd4 46. g3 Kc6 47. Rb1 Rxd7 48. Rc1+ Kd5 49. Ra1 Ke6 50. Ra6 Rd3+ 51. Ke2 Rd6 52. Ke3 g5 53. f3 Kf5 54. Ra4 Rc6 55. g4+ hxg4 56. fxg4+ Ke6 57. Ra6 Kd5 58. Kd3 Kc5 0-1

[Event "Titled Tuesday intern op 25th Oct Early"]
[Site "Chess.com INT"]
[Date "2022.10.25"]
[Round "7"]
[White "Ernst, Sipke"]
[Black "Baskakov, Egor"]
[Result "1-0"]
[WhiteElo "2538"]
[BlackElo "2215"]
[PlyCount "105"]
[EventDate "2022.10.25"]
[EventType "swiss (blitz)"]
[EventRounds "11"]
[EventCountry "USA"]
[SourceTitle "EXT 2024"]
[Source "ChessBase"]
[SourceDate "2023.10.10"]
[SourceVersion "1"]
[SourceVersionDate "2023.10.10"]
[SourceQuality "1"]

1. d4 Nf6 2. c4 e6 3. Nc3 d5 4. cxd5 Nxd5 5. e4 Nxc3 6. bxc3 b6 7. Nf3 Bb7 8. Bb5+ c6 9. Bd3 Nd7 10. 0-0 Be7 11. Qe2 0-0 12. Bf4 c5 13. Rad1 cxd4 14. cxd4 Rc8 15. Rfe1 Bb4 16. Bd2 Qe7 17. h4 h6 18. Bb1 Rfd8 19. Bxb4 Qxb4 20. d5 exd5 21. e5 Nf8 22. Nd4 Rc4 23. Qd3 Qc3 24. Qxc3 Rxc3 25. Nb5 Rc5 26. Nd6 Ba6 27. f4 Ng6 28. Bxg6 fxg6 29. Rd4 Bc8 30. Re3 Be6 31. Kh2 Rc2 32. Ra3 Rd7 33. Rda4 a5 34. Rd4 Rdc7 35. Rdd3 d4 36. Nb5 Rd7 37. Rxd4 Rxd4 38. Nxd4 Rxa2 39. Rc3 Bd5 40. Rc8+ Kh7 41. Rd8 Bxg2 42. e6 Bd5+ 43. Kg3 Ra3+ 44. Kf2 Bxe6 45. Nxe6 g5 46. f5 Ra2+ 47. Ke3 Ra3+ 48. Kd2 Ra2+ 49. Kd3 Ra3+ 50. Kc2 Rf3 51. Nf8+ Kg8 52. Ng6+ Kf7 53. Rf8# 1-0

[Event "Titled Tuesday intern op 25th Oct Late"]
[Site "Chess.com INT"]
[Date "2022.10.25"]
[Round "1"]
[White "Ernst, Sipke"]
[Black "Bogaudinov, Rushan"]
[Result "1-0"]
[WhiteElo "2538"]
[BlackElo "2003"]
[PlyCount "95"]
[EventDate "2022.10.25"]
[EventType "swiss (blitz)"]
[EventRounds "11"]
[EventCountry "USA"]
[SourceTitle "EXT 2024"]
[Source "ChessBase"]
[SourceDate "2023.10.10"]
[SourceVersion "1"]
[SourceVersionDate "2023.10.10"]
[SourceQuality "1"]

1. d4 d5 2. c4 e6 3. Nf3 Nf6 4. g3 Bb4+ 5. Nc3 0-0 6. Bg2 c5 7. 0-0 cxd4 8. Nxd4 e5 9. Nc2 Bxc3 10. bxc3 Be6 11. Ne3 e4 12. cxd5 Nxd5 13. Bxe4 Nxc3 14. Qxd8 Nxe2+ 15. Kg2 Rxd8 16. Bxb7 Nd7 17. Bxa8 Rxa8 18. Re1 Nd4 19. Bb2 Nf5 20. Nxf5 Bxf5 21. Bd4 Be6 22. a4 a6 23. Rab1 h5 24. f3 Rd8 25. Red1 Rc8 26. Rbc1 Rb8 27. Rb1 Rc8 28. Rdc1 Rd8 29. Kf2 Nf8 30. Be3 Ng6 31. Rb6 Ne5 32. Rc3 a5 33. Rb5 Nc4 34. Rxh5 g6 35. Rc5 Nxe3 36. Kxe3 Ra8 37. h4 Kg7 38. g4 Ra7 39. h5 gxh5 40. Rxh5 Kf6 41. Rcc5 Rb7 42. Rb5 Rc7 43. Rhc5 Re7 44. Kf4 Bd7 45. Rb6+ Kg7 46. Rc7 Kf8 47. Rb8+ Kg7 48. Rbb7 1-0